000 00382nam a22001337a 4500
008 130325t xxu||||| |||| 00| 0 spa d
082 1 4 _214
_a323
245 0 0 _aHistorias buscadas /
_cCONADI
260 _aBuenos Aires :
_bCONADI,
_c2007.
300 _a176 p.
650 0 _91105
_aDERECHOS HUMANOS
710 _91495
_aComisión Nacional por el Derecho a la Identidad.
942 _2ddc
_cLIBRO
999 _c605
_d605
980 _81943
_gVALERIA BEATRIZ DOMÍNGUEZ